000 00719nam a2200301Ia 4500
003 OSt
005 20230419094117.0
008 210331s9999||||xx |||||||||||||| ||und||
020 _a8187449624
040 _cSTCPL
041 _aENG
041 _hENG
082 _a351
_bAJA-A
100 _aRathore,Singh Ajay
100 _aRathore,Meena
245 0 _aAdministrative institutions /
_cby Ajay Singh Rathore and Meena Rathore
260 _aJaipur :
_bJain Prakashan Mandir ,
_c2011.
300 _a247 p.
_bPB
650 _aPolitical Science
650 _aIndia
650 _aDiplomatic relations
942 _cBK
942 _2ddc
942 _2ddc
942 _2ddc
942 _2ddc
942 _2ddc
999 _c68233
_d68233